01409nam a22001457a 450000500170000000800410001704000910005824500800014926000570022930000080028650507870029465000450108171000110112685601260113720260618093940.0260618b |||||||| |||| 00| 0 spa d aInstituto Dominicano de Evaluación e Investigación de la Calidad EducativacIDEICE aPrimer estudio exploratorio de la campaña "Vapear no es un juego"cIDEICE aSanto Domingo, República Dominicana bIDEICEc2026 c24p aEl presente estudio exploratorio surge en el marco de la campaña "Vapear no es jugar" del Consejo Nacional de Drogas, con el objetivo de comprender de manera preliminar los patrones de uso de los vapeos y los efectos socioculturales negativos asociados en República Dominicana. A partir del análisis de datos procedentes de distintas fuentes, se identificaron diferencias significativas en la frecuencia del vapeo, la presencia de conductas compulsivas y la aparición de consecuencias adversas para la salud (Abouzoor & Al-Hamdan, 2025). Factores como la regulación vigente, el antecedente de uso de tabaco y el género influyen de manera notable en estas variaciones, revelando que los riesgos pueden intensificarse según el entorno y las características personales. aCiencias de la salud -- Investigaciones. aIDEICE uhttps://ideice.gob.do/documentacion/publicaciones-id-228-primer-estudio-exploratorio-de-la-campana-vapear-no-es-un-juego-